| 000 | 00561nam a2200181Ia 4500 | ||
|---|---|---|---|
| 008 | 240925s9999 xx 000 0 und d | ||
| 020 | _a9780981808208 | ||
| 082 | _a658.022 MIC | ||
| 100 | _aMichalowicz, Mike | ||
| 245 | 4 | _aThe Toilet Paper Entrepreneur: the tell-it-like-it-is guide to cleaning up in business even if you are at the end of your roll | |
| 250 | _aNA | ||
| 260 |
_aNew Jersey: _bObsidian Launch _c,2008. |
||
| 300 |
_axviii,678p. _bN.A _fPirated |
||
| 500 | _aIncludes Index | ||
| 600 | _aManagement | ||
| 650 | _aManagement | ||
| 942 | _cBK | ||
| 999 |
_c11320 _d11320 |
||